[Event "Floripa Chess Open 2024"]
[Site "Florianopolis"]
[Date "2024.01.26"]
[Round "8.117"]
[White "Donatti, Sofia"]
[Black "Milkievicz Da Rocha, Mateus"]
[Result "1/2-1/2"]
[WhiteElo "1767"]
[BlackElo "1468"]
[PlyCount "39"]
[EventDate "2024.01.20"]
[EventRounds "10"]
[EventCountry "BRA"]

1. e4 e5 2. Nf3 Nc6 3. d4 exd4 4. Nxd4 Nf6 5. Nxc6 bxc6 6. Qe2 h6 $146 ({RR} 
6... d6 7. g3 Be7 8. Bg2 O-O 9. O-O Re8 10. c4 Nd7 11. Be3 Bf6 12. Qc2 Ne5 13.
Nd2 Ng4 14. Rae1 Rb8 15. b3 Nxe3 16. Rxe3 c5 17. h3 a5 18. Kh2 a4 19. f4 Bd4
20. Re2 g6 21. Nf3 {Nakamura,H (2760)-Kramnik,V (2795) London 2012 0-1 (87)}) (
{RR} 6... Qe7 7. Nc3 d5 8. exd5 Qxe2+ 9. Bxe2 cxd5 10. Nb5 Bb4+ 11. c3 Ba5 12.
Bf4 Kd7 13. O-O-O c6 14. Nd4 Bc7 15. Be3 g6 16. Bf3 Rb8 17. c4 Bb7 18. Nb3 Bd6
19. Bxa7 Ra8 20. Bd4 Be7 21. Bxf6 {Zacarias,M (2176)-Goncalves,N (2013)
Florianópolis - Santa Catari 2023 1-0}) ({RR} 6... Qe7 7. Nc3 d5 8. exd5 cxd5
9. Bg5 Qxe2+ 10. Bxe2 Bb4 11. O-O-O Bxc3 12. bxc3 Ne4 13. Rxd5 Be6 14. Re5 Nxg5
15. Rxg5 O-O 16. Rc5 Bxa2 17. c4 Rab8 18. Kd2 Rb4 19. Ra5 Bxc4 20. Kc3 Bxe2 21.
Kxb4 {Kusa,J (2177)-Bozanic,I (2162) chess.com INT 2020 1-0 (44)}) 7. Nc3 a5 8.
Qf3 Bb4 9. Bd2 Qe7 10. O-O-O Bb7 11. Bc4 O-O 12. Bd3 Ba6 13. g4 Bxd3 14. Qxd3
d6 15. g5 Bxc3 16. Qxc3 Nxe4 17. Qe3 Qe6 18. gxh6 Nxd2 19. Qxd2 Qxh6 20. Qxh6
1/2-1/2

[Event "Floripa Chess Open 2024"]
[Site "Florianopolis"]
[Date "2024.01.26"]
[Round "8.118"]
[White "Soares, Rafael Tuma"]
[Black "Pereira, Arthur Macedo"]
[Result "1/2-1/2"]
[WhiteElo "1540"]
[BlackElo "1764"]
[PlyCount "60"]
[EventDate "2024.01.20"]
[EventRounds "10"]
[EventCountry "BRA"]

1. e4 c5 2. Nf3 d6 3. d4 cxd4 4. Nxd4 Nf6 5. Nc3 a6 6. Bg5 e6 7. f4 h6 8. Bh4
Qb6 9. Qd2 Qxb2 10. Rb1 Qa3 11. f5 Be7 12. fxe6 fxe6 13. Bc4 Nxe4 14. Nxe4
Bxh4+ 15. g3 Bg5 16. Nxg5 hxg5 17. Nxe6 Bxe6 18. Bxe6 Qxg3+ 19. hxg3 Rxh1+ 20.
Kf2 Rh2+ 21. Ke3 Rxd2 22. Kxd2 Ra7 23. Rb6 $146 ({RR} 23. Bd5 Nd7 ({RR} 23...
Nd7 24. Rxb7 Rxb7 25. Bxb7 Nc5 26. Bf3 Kd7) 24. Rxb7 Rxb7 25. Bxb7 Nc5 26. Bf3
Kd7 {1/2-1/2 (26) Vallejo Pons,F (2697)-Morozevich,A (2715) Reggio Emilia 2011}
) ({RR} 23. Bd5 b5 24. a4 ({RR} 24. c4 Nd7 25. cxb5 axb5 26. Rxb5 Nc5 27. Rb1
Ra3 28. Re1+ Kd7 29. Re3 Ra4 30. Kc3 Rg4 31. Rf3 Kc7 32. Re3 Kb6 33. Bg2 Na4+
34. Kb3 Kc5 35. a3 d5 36. Bh3 Rc4 37. Bf5 Kd4 38. Re7 Nc5+) 24... Ke7 ({RR} 
24... Kd8 25. axb5 axb5 26. Rxb5 Nd7 27. Rb1 Ne5 28. Rb8+ Ke7 29. Rg8 Kf6 30.
Rf8+ Ke7 31. Rg8 Kf6 32. Rf8+ Ke7 33. Rg8 Kf6) 25. c4 b4 26. Rxb4 Nd7 27. a5
Nc5 28. Rb6 Rc7 29. Ke3 Rc8 30. Kf3 Rf8+ 31. Kg4 Rf1 32. Bb7 Ra1 33. Bxa6 Rxa5
34. Bb5 Ra3 35. Bc6 Kf6 36. Bd5 Ra6 37. Rb8 Nd7 {Zeng,C (2577)-Vachier-Lagrave,
M (2731) Samarkand UZB 2023 0-1 (49)}) 23... Ke7 24. Bd5 Nd7 25. Rxb7 Rxb7 26.
Bxb7 Nc5 27. Bd5 Kf6 28. Ke3 Ke5 29. c4 a5 30. Bc6 Ne6 1/2-1/2

[Event "Floripa Chess Open 2024"]
[Site "Florianopolis"]
[Date "2024.01.26"]
[Round "8.120"]
[White "Gomes, Joao Paulo Santos"]
[Black "Felix, Raimundo Nascimento"]
[Result "1/2-1/2"]
[WhiteElo "1514"]
[BlackElo "1749"]
[PlyCount "134"]
[EventDate "2024.01.20"]
[EventRounds "10"]
[EventCountry "BRA"]

1. c4 c5 2. g3 Nf6 3. Bg2 d5 4. cxd5 Nxd5 5. Nc3 Nc7 6. Nf3 Nc6 7. d3 g6 8. Be3
Ne6 9. Rb1 $146 ({RR} 9. O-O Bg7 10. Na4 Ncd4 11. Rc1 Qa5 12. Nxc5 Nxf3+ 13.
Bxf3 Nxc5 14. Rxc5 Qxa2 15. b4 O-O 16. Rc7 Bf6 17. Qb1 Qa4 18. Rfc1 Rb8 19. Qc2
Qa3 20. Bh6 Bg7 21. Bxg7 Kxg7 22. Qc5 Qb2 23. Qxa7 Bh3 {Gheorghiu,F-Kortschnoj,
V Palma de Mallorca 1972 1-0 (47)}) ({RR} 9. O-O Bg7 10. Rc1 Bd7 11. Qd2 O-O
12. Bh6 Bxh6 13. Qxh6 f6 14. e3 Ng7 15. Qh4 Rc8 16. Qc4+ Be6 17. Qxc5 Qxd3 18.
Rfd1 Qa6 19. Nd4 Nxd4 20. Qxd4 Nf5 21. Qe4 Kf7 22. Bf1 Qc6 {1/2-1/2 (22)
Akopian,V (2660)-Kortschnoj,V (2610) Luzern 1997}) ({RR} 9. O-O Bg7 10. Nd2
Ncd4 11. Nb3 O-O 12. Rc1 Rb8 13. Nd5 b6 14. Nxd4 cxd4 15. Bd2 Bb7 16. Nf4 Nxf4
17. Bxf4 Bxg2 18. Kxg2 e5 19. Bd2 Qd5+ 20. Kg1 Qxa2 21. Ra1 Qxb2 22. Rxa7 Ra8
23. Qa1 Qxa1 {Smietanska,W (1951)-Reiss,A (2112) chess.com INT 2023 0-1 (61)})
({RR} 9. O-O Bg7 10. Rc1 O-O 11. Qd2 Rb8 12. Bh6 b6 13. Bxg7 Kxg7 14. Rfd1 Ncd4
15. e3 Nxf3+ 16. Bxf3 Ng5 17. Qe2 Nxf3+ 18. Qxf3 e5 19. Qd5 Qxd5 20. Nxd5 Rd8
21. Nc3 Ba6 22. d4 exd4 23. exd4 cxd4 {Serafim,A (1851)-Von Buelow,G (2376)
Sao Paulo 2013 0-1}) 9... Bg7 10. a3 O-O 11. O-O Rb8 12. Qd2 Re8 13. b4 cxb4
14. axb4 Ncd4 15. Nxd4 Nxd4 16. Bh6 Bh8 17. Qa2 a6 18. Bd5 e6 19. Bg2 Bd7 20.
Rfe1 Rc8 21. Bd2 Bc6 22. Bxc6 Rxc6 23. Kg2 Qc7 24. e3 Nf5 25. Ne4 Rc2 26. Qb3
Rc8 27. Rec1 Qc6 28. Rxc2 Qxc2 29. Qxc2 Rxc2 30. Rc1 Rxc1 31. Bxc1 b6 32. Kf3
Kf8 33. Ke2 Ke7 34. d4 Nd6 35. Nxd6 Kxd6 36. Kd3 e5 37. dxe5+ Bxe5 38. f4 Ba1
39. Bd2 f5 40. e4 fxe4+ 41. Kxe4 Kc6 42. g4 Bf6 43. f5 g5 44. h4 h6 45. h5 Kd6
46. Be1 Bd8 47. Bc3 a5 48. bxa5 bxa5 49. Be5+ Ke7 50. Kd5 Kf7 51. Kd6 a4 52.
Kd5 a3 53. Kc4 Be7 54. Kb3 Ke8 55. Bg7 Kf7 56. Bd4 Ke8 57. Be3 Kd7 58. Bc1 a2
59. Kxa2 Kc6 60. Bb2 Bf8 61. Ba3 Bg7 62. Be7 Kd5 63. f6 Bxf6 64. Bxf6 Ke4 65.
Bxg5 Kf3 66. Bxh6 Kxg4 67. Bg7 Kxh5 1/2-1/2

[Event "Floripa Chess Open 2024"]
[Site "Florianopolis"]
[Date "2024.01.26"]
[Round "8.121"]
[White "Silva, Juliana Figueira Th"]
[Black "Toffoli, Vanessa"]
[Result "1-0"]
[WhiteElo "1747"]
[BlackElo "1466"]
[PlyCount "89"]
[EventDate "2024.01.20"]
[EventRounds "10"]
[EventCountry "BRA"]

1. d4 Nf6 2. c4 g6 3. Nc3 Bg7 4. e4 d6 5. h3 O-O 6. Be3 c5 7. d5 e6 8. Nf3 exd5
9. exd5 Nfd7 10. Bd3 Ne5 11. Nxe5 Bxe5 12. O-O f5 13. Bh6 $146 ({RR} 13. f4
Bxc3 14. bxc3 Qf6 15. Qd2 Na6 16. Rab1 Nc7 17. Bf2 {1/2-1/2 (17) Todorovic,G  
(2380)-Cabarkapa,N (2361) Kragujevac 2013}) ({RR} 13. f4 Bxc3 14. bxc3 Qf6 15.
Qd2 Na6 16. a4 Bd7 17. a5 Nc7 18. Bf2 Rfe8 19. Kh2 Rad8 20. Rg1 Rf8 21. Rab1
Bc8 22. Bg3 Rde8 23. Rbc1 Qe7 24. Rge1 Qf6 25. Rf1 Kg7 26. Rf3 h6 27. Qf2 Kh8 {
Eljanov,P (2742)-Grischuk,A (2771) Moscow 2010 0-1 (65)}) 13... Bg7 14. Bxg7
Kxg7 15. f4 Nd7 16. Qf3 Nf6 17. a3 Bd7 18. Kh2 a5 19. Rg1 Re8 20. Qf2 Qe7 21.
Rae1 Qf7 22. Rb1 Re7 23. b4 axb4 24. axb4 b6 25. bxc5 bxc5 26. Rb6 Ne8 27. g4
Qf6 28. Rb3 fxg4 29. hxg4 g5 30. Ne2 Kg8 31. Kg3 Ra2 32. Rf1 gxf4+ 33. Qxf4
Qxf4+ 34. Nxf4 Rg7 35. Ne6 Bxe6 36. dxe6 h5 37. Rb8 Rxg4+ 38. Kh3 Rag2 39.
Rxe8+ Kg7 40. Re7+ Kh6 41. Rf6+ Kg5 42. Rg6+ Kf4 43. Rf7+ Ke3 44. Rxg4 Rxg4 45.
e7 1-0

[Event "Floripa Chess Open 2024"]
[Site "Florianopolis"]
[Date "2024.01.26"]
[Round "8.122"]
[White "Ribeiro Carrico, Victor Hugo"]
[Black "Ruvieri, Daniel Minami"]
[Result "1-0"]
[WhiteElo "1746"]
[BlackElo "1437"]
[PlyCount "69"]
[EventDate "2024.01.20"]
[EventRounds "10"]
[EventCountry "BRA"]

1. e4 e5 2. Nf3 d6 3. d4 Nf6 4. dxe5 Nxe4 5. Qd5 Nc5 6. Bg5 Be7 7. exd6 Qxd6 8.
Nc3 O-O 9. O-O-O Qxd5 10. Nxd5 Bd6 11. Be7 Bxe7 12. Nxc7 $146 ({RR} 12. Nxe7+
Kh8 13. Nxc8 Rxc8 14. Ne5 f6 15. Nf7+ Kg8 16. Nd8 Nc6 17. Bc4+ Kf8 18. Nxc6
bxc6 19. b4 Na4 20. Rd7 Nb6 21. Rf7+ Kg8 22. Be6 Re8 23. Bb3 Nd5 24. Rxc7 Kf8
25. Bxd5 cxd5 26. Rd1 Re2 {Velimirovic,D (2484)-Sekulic,V (2305) Bijeljina
2001 1-0 (33)}) 12... Nba6 13. Nxa8 Bg4 14. b4 Bxf3 15. gxf3 Ne6 16. Bxa6 bxa6
17. Nc7 Nxc7 18. Rd7 Bg5+ 19. Kb2 Bf6+ 20. Kb3 Nb5 21. c4 Nd4+ 22. Ka4 Rb8 23.
Rd1 Ne2 24. Ka5 Nc3 25. R1d2 Nb1 26. R2d3 Kf8 27. c5 Nc3 28. a4 Na2 29. b5 axb5
30. axb5 Nc3 31. b6 axb6+ 32. cxb6 Ke8 33. Rc7 Bd8 34. Re3+ Kf8 35. Rexc3 1-0

[Event "Floripa Chess Open 2024"]
[Site "Florianopolis"]
[Date "2024.01.26"]
[Round "8.123"]
[White "Gomes, Maria Eduarda Papin"]
[Black "Tischler Lema Garcia, Maria Eduarda"]
[Result "1-0"]
[WhiteElo "1744"]
[BlackElo "1299"]
[PlyCount "41"]
[EventDate "2024.01.20"]
[EventRounds "10"]
[EventCountry "BRA"]

1. d4 {Unzicker,W} d5 2. c4 e6 3. Nc3 Be7 4. cxd5 exd5 5. Bf4 c6 6. e3 Bf5 ({RR
} 6... Nf6 7. Qc2 ({RR} 7. Bd3)) 7. g4 Be6 8. h3 Nf6 9. Bd3 ({RR} 9. Nf3 O-O
10. Bd3 c5 11. Kf1 Nc6 12. Kg2 Rc8 13. Rc1 Re8 14. dxc5 Bxc5 15. Nb5 Bf8 16.
Nfd4 Nxd4 ({RR} 16... Qb6 17. Nxe6 Rxe6 ({RR} 17... fxe6 18. g5 Ne4) 18. g5 Ne4
) 17. Rxc8 Qxc8 ({RR} 17... Bxc8 18. exd4 a6 19. Nc7 Re7 20. Qc2) 18. exd4 Qd7
({RR} 18... Re7 19. Nxa7 Qa8 20. Qa4 b5) 19. Nc7 Rc8 ({RR} 19... Rd8 20. Qb3)
20. Nxe6 fxe6 21. Re1 a6 ({RR} 21... Bd6 22. Be5) 22. g5 Ne4 23. Qg4 ({RR} 23.
Bxe4 dxe4 24. Rxe4 Qd5) 23... Bb4 {Kortschnoj,V (2650)-Karpov,A (2690) Merano
1981 MainBase [Unzicker,W] 1-0 (41)}) ({RR} 9. Nf3 Nbd7 10. Bd3 c5 11. Nb5 O-O
12. Kf1 Qb6 13. dxc5 Nxc5 14. Be2 d4 15. Nfxd4 Bd5 16. Bc7 Qa6 17. Nc3 Bc4 18.
b3 Bxe2+ 19. Qxe2 Qa3 20. Ncb5 Qa6 21. Kg2 Nd5 22. Bh2 Ne4 23. Rac1 Rac8 {
Jumabayev,R (2598)-Sadykov,R (2313) chess.com INT 2023 1-0}) 9... Bd6 10. Nge2
O-O $146 ({RR} 10... h6 11. Qb3 Bc8 12. O-O-O Na6 13. Rde1 Nc7 14. Rhg1 Bxf4
15. Nxf4 Qd6 16. g5 hxg5 17. Rxg5 Kf8 18. Reg1 Nce8 19. Nce2 b6 20. Kb1 Rh6 21.
f3 Nh7 22. R5g3 Be6 23. Qc2 Kg8 24. e4 dxe4 25. fxe4 {Taimanov,M-Rukavina,J
Leningrad (Russia) 1973 1-0 (41)}) 11. Qc2 h6 12. O-O-O Qc7 13. Rdg1 Nbd7 14.
g5 hxg5 15. Rxg5 Rac8 16. h4 b5 17. h5 Nb8 18. h6 Ne8 19. Bh7+ Kh8 20. hxg7+
Nxg7 21. Bg8+ 1-0

[Event "Floripa Chess Open 2024"]
[Site "Florianopolis"]
[Date "2024.01.26"]
[Round "8.124"]
[White "Da Silva, Leticia Alice"]
[Black "De Almeida, Guilherme Pereira"]
[Result "0-1"]
[WhiteElo "1435"]
[BlackElo "1731"]
[PlyCount "136"]
[EventDate "2024.01.20"]
[EventRounds "10"]
[EventCountry "BRA"]

1. e4 d6 2. d4 Nf6 3. Nc3 e5 4. dxe5 dxe5 5. Qxd8+ Kxd8 6. Bc4 Be6 7. Bxe6 fxe6
8. Bg5 Bd6 9. O-O-O Ke7 10. Nb5 Nbd7 ({RR} 10... Nc6 11. Nxd6 cxd6 12. Bxf6+
gxf6 13. Nf3 Rad8 14. c4 Rhg8 15. g3 Rc8 16. Kb1 a6 17. Rd2 Rg4 18. Re1 Na5 19.
b3 b5 20. h3 Rgg8 21. cxb5 axb5 22. Red1 Rc6 23. Rc2 Rxc2 24. Kxc2 Nc6 25. a3 {
Coelho,R (1981)-Zochowski,K (2256) chess.com INT 2023 0-1 (42)}) 11. f3 a6 12.
Nxd6 cxd6 13. Ne2 $146 ({RR} 13. c3 b5 14. Kb1 Rhc8 15. Ne2 Rc6 16. Rd2 h6 17.
Be3 Nb6 18. Bxb6 Rxb6 19. Rhd1 g5 20. Nc1 a5 21. Nd3 Rc8 22. a3 Rbc6 23. h3 h5
24. Ka2 h4 25. Kb3 Nd7 26. g3 Rf8 27. Rf1 hxg3 {Prokofiev,V (2104)-Srihari,L  
(2414) Tornelo INT 2021 0-1 (69)}) ({RR} 13. c3 b5 14. Kb1 Rhc8 15. Ne2 Rc6 16.
Rd2 h6 17. Be3 Nb6 18. Bxb6 Rxb6 19. Rhd1 g5 20. Nc1 a5 21. Nd3 Rc8 22. a3 Rbc6
23. h3 h5 24. Ka2 h4 25. Kb3 Nd7 26. g3 Rf8 27. Rf1 hxg3 {Prokofiev,V (2104)
-Srihari,L (2414) Tornelo INT 2021 0-1 (69)}) 13... Rac8 14. Rd2 h6 15. Bxf6+
Nxf6 16. Nc3 b5 17. a3 Rc6 18. Rhd1 Rhc8 19. Kb1 Nd7 20. Na2 Nc5 21. Nb4 Rb6
22. b3 Nd7 23. Kb2 Nf6 24. g3 g5 25. g4 Rf8 26. Nd3 a5 27. Rh1 h5 28. h3 h4 29.
Rhh2 Nd7 30. Rhf2 Rc6 31. c3 Nb6 32. Rc2 Rfc8 33. Rf1 Kf6 34. Rfc1 R6c7 35. Ka2
Rf8 36. c4 Rfc8 37. c5 Nd7 38. b4 axb4 39. axb4 Nb6 40. Kb3 Nc4 41. cxd6 Ra7
42. Ra2 Rca8 43. Rxa7 Rxa7 44. Rxc4 bxc4+ 45. Kxc4 Kf7 46. Nxe5+ Kf6 47. d7
Rc7+ 48. Kb5 Ke7 49. Kb6 Rc3 50. b5 Rc2 51. d8=Q+ Kxd8 52. Nf7+ Kc8 53. Nxg5
Kd7 54. Ka7 Rc5 55. f4 Rxb5 56. Ka6 Rb3 57. f5 exf5 58. gxf5 Rg3 59. Ne6 Rxh3
60. e5 Re3 61. Nf8+ Kc6 62. Ka7 Rxe5 63. Ng6 Ra5+ 64. Kb8 h3 65. f6 Kd6 66. f7
Rf5 67. f8=Q+ Rxf8+ 68. Nxf8 h2 0-1

[Event "Floripa Chess Open 2024"]
[Site "Florianopolis"]
[Date "2024.01.26"]
[Round "8.125"]
[White "Costa, Ricardo Santos"]
[Black "El Zwei, Aiman Mohamed"]
[Result "1/2-1/2"]
[WhiteElo "1731"]
[BlackElo "1800"]
[PlyCount "84"]
[EventDate "2024.01.20"]
[EventRounds "10"]
[EventCountry "BRA"]

1. c4 e6 2. d4 d5 3. Nf3 Nf6 4. Nc3 Be7 5. e3 O-O 6. Bd3 b6 7. O-O Bb7 8. b3
Nbd7 9. Bb2 c5 10. Rc1 Rc8 ({RR} 10... Ne4 11. Qc2 Ndf6 12. Rfd1 cxd4 13. Bxe4
dxc3 14. Qxc3 Qc7 15. Bb1 dxc4 16. Ng5 h6 17. Qc2 Rfd8 18. Nf3 Be4 19. Qxc4
Qxc4 20. bxc4 Rxd1+ 21. Rxd1 Bxb1 22. Rxb1 Rc8 23. Rc1 Ne4 24. Kf1 Bf6 25. Bd4
{Mamedyarov,S (2800)-Bacrot,E (2708) Paris 2017 1-0 (45)}) 11. cxd5 Nxd5 12.
Nxd5 Bxd5 13. Bc4 $146 ({RR} 13. Qe2 cxd4 14. Nxd4 Rxc1 15. Rxc1 Nc5 16. Bb5
Bf6 17. b4 Ne4 18. Bd3 Bb7 19. f3 {1/2-1/2 (19) Malaniuk,V (2573)-Ivanov,A  
(2405) Prague 2010}) ({RR} 13. e4 Bb7 14. Qe2 cxd4 15. Rxc8 Qxc8 16. Nxd4 Rd8
17. Rc1 Qa8 18. Rc7 Bf6 19. Bb5 Ne5 20. f4 Ng6 21. Nxe6 Qb8 22. Rxb7 Qxb7 23.
Nxd8 Bxd8 24. g3 Be7 25. h4 Bc5+ 26. Kh2 Nf8 27. Bc4 Qd7 {Colin,V (2383)
-Bouvet,F (2213) Avoine FRA 2022 1-0 (37)}) ({RR} 13. Qe2 Bb7 14. Rfd1 cxd4 15.
Nxd4 Rxc1 16. Rxc1 Nc5 17. Bb5 Qd5 18. f3 a6 19. Bc4 Qd7 20. Qf2 Rd8 21. Qg3
Bf6 22. Qe1 e5 23. Ne2 Bg5 24. f4 Qc6 25. Qf1 exf4 26. exf4 Be7 27. b4 b5 {
Marin,M (2548)-Bu,X (2670) Istanbul 2012 0-1 (34)}) 13... Nf6 14. dxc5 Bxc4 15.
Rxc4 Qxd1 16. Rxd1 Rxc5 17. Rdc1 Rfc8 18. Rxc5 Rxc5 19. Rxc5 Bxc5 20. Bxf6 gxf6
21. Kf1 Kf8 22. Ke2 Ke7 23. Kd3 Kd6 24. Kc4 a6 25. b4 b5+ 26. Kb3 Bb6 27. a4
Kd5 28. axb5 axb5 29. Nd2 f5 30. Nb1 f4 31. Nc3+ Kc6 32. exf4 Bxf2 33. Ne4 Bg1
34. h3 Bh2 35. g3 f5 36. Ng5 Kd6 37. g4 Bxf4 38. Nxh7 fxg4 39. hxg4 Ke7 40. g5
Kf7 41. Nf6 Bxg5 42. Ne4 Be7 1/2-1/2

[Event "Floripa Chess Open 2024"]
[Site "Florianopolis"]
[Date "2024.01.26"]
[Round "8.127"]
[White "Vieira, Igor Do Nascimento"]
[Black "Farias, Robson Da Costa"]
[Result "1-0"]
[WhiteElo "1280"]
[BlackElo "1721"]
[PlyCount "95"]
[EventDate "2024.01.20"]
[EventRounds "10"]
[EventCountry "BRA"]

1. e4 c5 2. Nf3 d6 3. d4 cxd4 4. Nxd4 Nf6 5. Nc3 a6 6. Be2 Nc6 7. Be3 e6 8. Qd2
Be7 9. g4 Nxd4 10. Qxd4 e5 11. Qd1 h6 12. h3 $146 ({RR} 12. Rg1 Be6 13. Bf3 Qa5
14. Qd2 Rc8 15. h4 Qb4 16. O-O-O Rxc3 17. Qxc3 Qxc3 18. bxc3 Bxa2 19. g5 hxg5
20. hxg5 Nd7 21. Rh1 Rxh1 22. Rxh1 g6 23. Bg4 Kd8 24. Rh8+ Nf8 25. Bb6+ Ke8 26.
Bc8 Bxg5+ {Feibert,F-Pernutz,H Germany 1986 1-0 (56)}) ({RR} 12. Bf3 Be6 13. h3
Rc8 14. Qd2 b5 15. O-O-O Qa5 16. Kb1 Rxc3 17. Qxc3 Qxa2+ 18. Kc1 O-O 19. Qa3
Qxa3 20. bxa3 Rc8 21. Rhe1 Rc4 22. Bb6 Nd7 23. Ba5 Nc5 24. Kb1 Ra4 25. Bb4 a5
26. Bxc5 dxc5 {Van der Weide,K (2436)-Cheparinov,I (2550) Seville 2004 1/2-1/2
(49)}) 12... Bd7 13. Qd3 b5 14. a3 g5 15. h4 gxh4 16. g5 hxg5 17. Bxg5 Ng8 18.
Bxe7 Qxe7 19. O-O-O Rh6 20. Nd5 Qd8 21. Rdg1 Kf8 22. Qe3 Rh8 23. Nb6 Ra7 24.
Nc8 Rc7 25. Nxd6 Qe7 26. Qb6 Rc6 27. Qb8+ Be8 28. Nf5 Qc5 29. Bd3 h3 30. Qd8
Ne7 31. b4 Rc8 32. Qxe8+ Kxe8 33. bxc5 Rxc5 34. Nd6+ Kd7 35. Nxf7 Re8 36. Rxh3
a5 37. Rh5 Rc3 38. Kb2 b4 39. axb4 axb4 40. Nxe5+ Ke6 41. Nf3 Rf8 42. Nd4+ Kd7
43. Nb5 Rc6 44. Rg7 Re6 45. Rhh7 Rxf2 46. Nd4 Re5 47. Nf5 Kd8 48. Nxe7 1-0

[Event "Floripa Chess Open 2024"]
[Site "Florianopolis"]
[Date "2024.01.26"]
[Round "8.128"]
[White "Da Silva, Leonardo Douglas Si"]
[Black "Rodrigues, Natanael Isau"]
[Result "1-0"]
[WhiteElo "1800"]
[BlackElo "1704"]
[PlyCount "63"]
[EventDate "2024.01.20"]
[EventRounds "10"]
[EventCountry "BRA"]

1. d4 Nf6 2. Nf3 e6 3. e3 c5 4. Bd3 Nc6 5. O-O d5 6. b3 Bd6 7. Bb2 O-O 8. Ne5
Qc7 9. f4 Ne7 ({RR} 9... Nb4 10. Nd2 cxd4 11. Bxd4 Qe7 12. Rf3 Nxd3 13. cxd3
Nd7 14. Rh3 Bxe5 15. Qh5 h6 16. fxe5 f6 17. Rf1 fxe5 18. Rxf8+ Qxf8 19. Rf3 Qe7
20. Bb2 b6 21. Rg3 Ba6 22. Nf3 Rf8 23. Nxe5 Rf5 24. Nc6 {Starostits,I (2389)
-Szpar,M (2477) Morshyn UKR 2023 1/2-1/2 (35)}) ({RR} 9... cxd4 10. exd4 Nb4
11. Nc3 Nxd3 12. Qxd3 a6 13. Kh1 b5 14. Nd1 Bb7 15. Ne3 Ne4 16. f5 Qe7 17. Rf3
Qh4 18. Raf1 f6 19. g3 Nxg3+ 20. Rxg3 fxe5 21. Rfg1 e4 22. Rxg7+ Kh8 23. Qe2
Bc8 24. Qg2 {Marchesich,G (2217)-Osmak,Y (2440) chess.com INT 2023 0-1 (36)})
10. Nd2 b6 11. Qf3 $146 ({RR} 11. Rf3 Bb7 12. Rh3 Ne4 13. dxc5 bxc5 14. Bxe4
dxe4 15. Qh5 h6 16. Ng4 Nf5 17. Nxh6+ gxh6 18. Qg5+ {1-0 (18) Starostits,I  
(2413)-Vuelban,V (2298) Litomysl 2016}) 11... Bb7 12. Qh3 Ne4 13. Rad1 cxd4 14.
exd4 f5 15. Ndf3 Rf6 16. Nd2 Rh6 17. Qe3 Rf8 18. c3 Rff6 19. Nxe4 dxe4 20. Be2
Nd5 21. Qc1 Bxe5 22. dxe5 Rfg6 23. c4 Nb4 24. Qe3 Nd3 25. Ba3 Qd8 26. Bxd3 exd3
27. g3 Be4 28. Rd2 Qh4 29. Rf3 Bxf3 30. Qxf3 Rg4 31. Qa8+ Kf7 32. Qf8+ 1-0

[Event "Floripa Chess Open 2024"]
[Site "Florianopolis"]
[Date "2024.01.26"]
[Round "8.129"]
[White "Gorgen, Antonio Rebello Hor"]
[Black "Felix, Joao Eduardo Orland"]
[Result "0-1"]
[WhiteElo "1793"]
[BlackElo "1703"]
[PlyCount "60"]
[EventDate "2024.01.20"]
[EventRounds "10"]
[EventCountry "BRA"]

1. Nf3 Nf6 2. g3 e6 3. Bg2 d5 4. O-O b6 5. c4 Bb7 6. b3 Be7 7. Bb2 O-O 8. cxd5
Bxd5 9. Nc3 ({RR} 9. d4 Bb7 10. Qc2 Na6 11. Nc3 c5 12. dxc5 Nxc5 13. b4 Ncd7
14. b5 Rc8 15. Rac1 Rc7 {1/2-1/2 (15) Granda Zuniga,J (2631)-Kortschnoj,V  
(2607) Turin 2006}) 9... Bb7 10. Rc1 ({RR} 10. d4 c5 11. Rc1 Nbd7 12. Qd2 Rc8
13. Rfd1 cxd4 14. Nxd4 Bxg2 15. Kxg2 Qc7 16. Kg1 Qb7 17. Ndb5 Rc6 18. Ne4 Rxc1
19. Nxf6+ Nxf6 20. Rxc1 Rd8 21. Qc2 Bc5 22. Rd1 Rd7 23. Rxd7 {1/2-1/2 (23)
Menna Barreto,F (2278)-Volkmann,A (2083) Florianopolis BRA 2024}) 10... c5 11.
Qc2 Na6 $146 ({RR} 11... Nc6 12. Qb1 Rc8 13. Rfd1 Rc7 14. Nb5 Rd7 15. d4 cxd4
16. Nbxd4 Qa8 17. Ng5 Nxd4 18. Rxd4 Rxd4 19. Bxd4 Rc8 20. Rxc8+ Qxc8 21. Bxb7
Qxb7 22. Bxf6 Bxf6 23. Qxh7+ Kf8 24. Qe4 Qxe4 25. Nxe4 Be5 26. Kg2 {Poor,
S-Magyar,O Budapest 1981 1/2-1/2 (60)}) 12. Nb5 Nb4 13. Qb1 a6 14. Ng5 Bxg2 15.
Bxf6 g6 16. Bxe7 Qxe7 17. Kxg2 Qxg5 18. Nc3 Qxd2 19. Rfd1 Qg5 20. Rd7 Rfd8 21.
Rcd1 Nd5 22. Rxd8+ Rxd8 23. e4 Nxc3 24. Rxd8+ Qxd8 25. Qc2 Qd4 26. f3 e5 27. h4
Nd1 28. Qc1 Qf2+ 29. Kh3 Qxf3 30. h5 Qh1+ 0-1

[Event "Floripa Chess Open 2024"]
[Site "Florianopolis"]
[Date "2024.01.26"]
[Round "8.131"]
[White "Bezerra, Fabiano De Oliveira"]
[Black "Barbosa, Rafael Santos"]
[Result "0-1"]
[WhiteElo "1890"]
[BlackElo "1524"]
[PlyCount "88"]
[EventDate "2024.01.20"]
[EventRounds "10"]
[EventCountry "BRA"]

1. e4 c6 2. Nf3 d5 3. exd5 cxd5 4. Ne5 Nf6 5. d4 a6 6. Bd3 Nc6 7. c3 g6 8. O-O
Bg7 9. f4 O-O 10. Nd2 Qc7 11. Qe2 $146 ({RR} 11. Ndf3 Ne4 12. Bxe4 dxe4 13. Ng5
Nxe5 14. fxe5 b5 15. Qe1 f6 16. exf6 exf6 17. Nxe4 Bb7 18. Qg3 Qe7 19. Nc5 Bd5
20. Bf4 Qf7 21. b3 Rfe8 22. Rae1 a5 23. Qd3 Bc6 24. c4 bxc4 25. bxc4 Bf8 {
Rodrigo Yanguas,M (2070)-Collado Barbas,L (2040) Madrid 2011 0-1 (38)}) 11...
Na5 12. Re1 Rb8 13. Ndf3 b5 14. Bd2 Nc4 15. Bc1 Nd6 16. Nd2 Bf5 17. Nb3 Bxd3
18. Nxd3 Nfe4 19. Nbc5 Qa7 20. Qg4 e6 21. Qf3 Nxc5 22. dxc5 Ne4 23. Be3 Qc7 24.
Bd4 f6 25. Rac1 Rbe8 26. Be3 e5 27. Nf2 f5 28. Rcd1 Rd8 29. Nd3 d4 30. cxd4
exd4 31. Bd2 Rfe8 32. b4 Kh8 33. Re2 Kg8 34. Be1 Bf6 35. g4 Kg7 36. Nf2 Nxf2
37. Bxf2 Rxe2 38. Qxe2 Qd7 39. Qd3 Qd5 40. Rd2 Qe4 41. Qb3 d3 42. a4 Bd4 43.
axb5 Qe1+ 44. Kg2 Qxd2 0-1

[Event "Floripa Chess Open 2024"]
[Site "Florianopolis"]
[Date "2024.01.26"]
[Round "8.132"]
[White "Pavao, Alice Lara Biasi"]
[Black "Cavalcante, Adriano Nunes"]
[Result "0-1"]
[WhiteElo "1517"]
[BlackElo "1878"]
[PlyCount "140"]
[EventDate "2024.01.20"]
[EventRounds "10"]
[EventCountry "BRA"]

1. c4 e6 2. g3 d5 3. Bg2 Nf6 4. d4 Bb4+ 5. Bd2 Be7 6. Nc3 O-O 7. Nf3 dxc4 8.
Qa4 Bd7 9. Qxc4 Bc6 10. O-O $146 ({RR} 10. Qd3 Nbd7 11. O-O Re8 12. Rfe1 a6 13.
e4 b5 14. e5 Nd5 15. Ne4 Bb7 16. Rac1 Rc8 17. Ba5 Nb4 18. Qd2 Nc6 19. Nc5 Nxc5
20. dxc5 Qxd2 21. Bxd2 Red8 22. b4 Rd3 23. Re3 Rcd8 24. Rxd3 Rxd3 {Taylor,
G-Brown,H Seattle,WA 1981 1/2-1/2 (32)}) 10... a6 11. a3 Nbd7 12. Qd3 h6 13. e4
Nc5 14. Qe3 Ncxe4 15. Ne5 Nxd2 16. Qxd2 Bxg2 17. Kxg2 Nd5 18. Rfd1 Bf6 19. Rac1
c6 20. Nf3 a5 21. Na4 Be7 22. Nc5 Bxc5 23. Rxc5 a4 24. Ne5 Nb6 25. Qb4 Nd7 26.
Nxd7 Qxd7 27. Rdc1 Rfd8 28. R5c4 Qd5+ 29. Kg1 Rd7 30. Qb6 Qa5 31. Qxa5 Rxa5 32.
Rb4 Ra6 33. b3 axb3 34. Rxb3 Kf8 35. Kg2 Ke7 36. Kf3 Ra4 37. Rcb1 b5 38. Rc3
Rd6 39. Ke3 Kd7 40. Rb4 Ra6 41. f3 Ke7 42. g4 Rd8 43. Ke4 Kd6 44. f4 Rda8 45.
Rbb3 Ra4 46. h4 f6 47. Kf3 Rxd4 48. Rd3 Raa4 49. Rxd4+ Rxd4 50. Ke3 e5 51.
fxe5+ fxe5 52. Kf3 Rf4+ 53. Kg3 Kd5 54. Rd3+ Ke6 55. Rc3 Kd6 56. Rd3+ Kc7 57.
Re3 Ra4 58. Rxe5 Rxa3+ 59. Kf4 Ra7 60. Kf5 Kb6 61. Kg6 b4 62. Rf5 c5 63. Rf7
Rxf7 64. Kxf7 b3 65. Kxg7 b2 66. Kxh6 b1=Q 67. g5 c4 68. g6 c3 69. g7 Qb3 70.
Kh7 Qf7 0-1